[Event "Conegliano op"]
[Site "Conegliano"]
[Date "2008.05.31"]
[Round "1"]
[White "Van Hoolandt, Patrick"]
[Black "Dussin, Davide"]
[Result "1-0"]
[WhiteElo "2183"]
[BlackElo "1893"]
[PlyCount "45"]
[EventDate "2008.05.31"]
[EventType "swiss"]
[EventRounds "6"]
[EventCountry "ITA"]
[SourceTitle "CBM 124 Extra"]
[Source "ChessBase"]
[SourceDate "2008.07.03"]
[SourceVersion "1"]
[SourceVersionDate "2008.07.03"]
[SourceQuality "1"]

1. d4 Nf6 2. c4 g6 3. Nc3 Bg7 4. e4 d6 5. Nf3 0-0 6. Be3 c5 7. dxc5 Qa5 8. cxd6 exd6 9. Qd2 Nc6 10. h3 Be6 11. Be2 Rac8 12. 0-0 Ne5 13. b3 Nxf3+ 14. Bxf3 Nxe4 15. Nxe4 Qxd2 16. Bxd2 Bxa1 17. Rxa1 f5 18. Ng5 Bf7 19. Nxf7 Kxf7 20. Bxb7 Rc7 21. Bd5+ Ke7 22. Re1+ Kd7 23. Ba5 1-0

[Event "Veneto Region-ch"]
[Site "Arqua Petrarca"]
[Date "2006.05.13"]
[Round "4"]
[White "Valentini, Paola"]
[Black "Dussin, Davide"]
[Result "1/2-1/2"]
[WhiteElo "1986"]
[BlackElo "1718"]
[PlyCount "83"]
[EventDate "2006.05.06"]
[EventType "swiss"]
[EventRounds "6"]
[EventCountry "ITA"]
[SourceTitle "EXT 2011"]
[Source "ChessBase"]
[SourceDate "2010.11.26"]
[SourceVersion "1"]
[SourceVersionDate "2010.11.26"]
[SourceQuality "1"]

1. c4 Nf6 2. Nc3 g6 3. g3 Bg7 4. Bg2 d6 5. d4 c6 6. Nf3 Nbd7 7. 0-0 0-0 8. b4 e5 9. dxe5 dxe5 10. Bg5 Qc7 11. Qc2 Nb6 12. Nd2 Be6 13. Bxf6 Bxf6 14. Nce4 Bg7 15. Nc5 Qe7 16. Nxe6 Qxe6 17. Rab1 Rfd8 18. a4 Nxa4 19. b5 Nc5 20. bxc6 bxc6 21. Nb3 Nxb3 22. Rxb3 Rd4 23. c5 Rc4 24. Rc3 Rxc3 25. Qxc3 e4 26. Qb4 Re8 27. e3 Bf8 28. Rc1 Qe5 29. Bf1 Rb8 30. Qc3 Qf5 31. Be2 Bg7 32. Qc4 Rb2 33. Kg2 h5 34. h4 a5 35. Rc2 Rxc2 36. Qxc2 Bf8 37. Qa4 Qxc5 38. Qxe4 Be7 39. Bc4 Kg7 40. Qd3 Qd6 41. Qc3+ Qf6 42. Qxa5 1/2-1/2

[Event "Treviso U2100 op"]
[Site "Treviso"]
[Date "2005.12.04"]
[Round "3.8"]
[White "Dussin, Davide"]
[Black "Pelosin, Matteo"]
[Result "0-1"]
[WhiteElo "1763"]
[BlackElo "1769"]
[PlyCount "60"]
[EventDate "2005.12.03"]
[EventType "swiss"]
[EventRounds "5"]
[EventCountry "ITA"]
[SourceTitle "EXT 2024"]
[Source "ChessBase"]
[SourceDate "2023.10.10"]
[SourceVersion "1"]
[SourceVersionDate "2023.10.10"]
[SourceQuality "1"]

1. d4 d5 2. c4 c6 3. Nc3 Nf6 4. Nf3 dxc4 5. a4 Bf5 6. e3 e6 7. Bxc4 Bb4 8. 0-0 0-0 9. Bd3 Bxd3 10. Qxd3 c5 11. Rd1 Nc6 12. Qb5 a6 13. Qe2 Bxc3 14. bxc3 Ne4 15. Bb2 Qc7 16. d5 exd5 17. Rxd5 Rad8 18. Rad1 Qa5 19. Qc2 Rxd5 20. Rxd5 Nf6 21. Rd6 c4 22. Ba3 Rd8 23. g3 Rxd6 24. Bxd6 Qd5 25. Qd2 Qxf3 26. Ba3 Qd5 27. Qb2 Qd1+ 28. Kg2 Qb3 29. Qc1 Ne4 30. Bb2 Ne5 0-1